000 00970nam a2200265 c 4500
003 BLK
005 20190913121207.0
008 180911b bul|||||r ||||||| ||bul||
010 _a002353
040 _aBLK
041 _aBUL
080 _z949.72
100 1 _aСТАНЕВ, Никола
_eпърви автор
245 0 0 _aБорба на българите за духовна свобода
246 _aПо случай 50 год. юбилей на Бълг. екзархия
260 _aСофия
_bСв. Синод на Бълг. църква
_c1920
_fДърж. печ.
300 _a107, II с
_c16 см
380 _a9
490 _aЧастна колекция - Академик Михаил Арнаудов
_gДарение - Основен фонд
520 _aМихаил Арнаудов: подпис
655 _aбългарска история
700 1 _aН. Станев
852 _aМА 1614
942 _cKNG
_n0
944 _aCR
_c1996
_kValK
999 _c342699
_d342699